| 000 | 01002nam a2200229Ii 4500 | ||
|---|---|---|---|
| 003 | JO-AjNU | ||
| 008 | 230605s9999||||xx |||||||||||||| ||und|| | ||
| 017 | _a40247 | ||
| 020 | _a978-977-6341-26-5 | ||
| 040 |
_aJO-AjNU _bara _erda _cJO-AjNU |
||
| 041 | _aara | ||
| 050 | 1 | 4 | _aHF5667.2011 |
| 100 | 3 |
_aتأليف راضى، محمد سامى, _eauthor _927625 |
|
| 245 | 0 | 0 | _aموسوعة المراجعة المتقدمة : مراجعة استقصائية قضائية، مراجعة الأداء البيئي، مراجعة حوكمة الشركات، جودة المراجعة |
| 264 | 3 | 1 | _aالاسكندرية: دار التعليم الجامعى، 2011 |
| 300 |
_a487ص _bيشتمل على مراجع ببلوغرافية ص(478-479) |
||
| 336 |
_atext _btxt _2rdacontent |
||
| 337 |
_aunmediated _bn _2rdamedia |
||
| 338 |
_avolume _bnc _2rdacarrier |
||
| 490 | 0 | _aموسوعة المراجعة المتقدمة | |
| 650 | 4 |
_a مراجعة الحسابات -- دوائر معارف _927626 |
|
| 999 |
_aA10618 _c14186 _d14186 |
||